000 00242nam a2200109 a 4500
008 090929s1974|||| d
100 1 _aAlexy,J.
245 1 0 _aOndrejko
260 _bMladé letá
_aBratislava
_c1974
041 _aslo
044 _axo
_cSK
999 _c19
_d19